000 02569ncm0a2200469 4500
001 RU\NLR\ONIZ\303586
005 20260426081059.0
035 _a(NLR Aleph) 022791684
071 2 0 _aТ. 171
090 _a13698063
_c13698063
100 _a20260426 rusy50
101 0 _arus
_aeng
102 _aRU
125 _aa|
128 _afox
145 0 _ab
200 1 _aChicago
_bНоты
_efox-trot
_e[для фортепиано]
_fF. Fischer
_garranged A. Aldanoff
203 _aМузыка
_bзнаковая
_bвизуальная
_cнепосредственная
210 _aЛенинград
_cТритон
_d[после 1925]
215 _a3 с.
_cил.
_d34 см
300 _aНа тит. л. фамилия композитора: Ficher
300 _aНа тит. л. штамп: Нотный магазин "Северная лира"
313 _aСистематизация документа проведена по изданию - Методика классифицирования музыкальных произведений (нотных изданий) по таблицам Библиотечно-библиографических классификаций : метод. рекомендации / Гос. б-ка СССР им. В.И. Ленина.- М., 1977. Индексу ББК методических рекомендаций присваивается код ББК для научных библиотек - LBC/SL
500 0 0 _aЧикаго
_bНоты
_lФокстрот
_uF-dur
_rФортепиано
606 1 _aЭстрадная музыка американская
_z20 в.
_jНоты
_2nlr_sh
606 1 _aЭстрадные танцы для фортепиано
_yСША
_z20 в.
_jНоты
_2nlr_sh
606 1 _aФокстроты для фортепиано
_yСША
_z20 в.
_jНоты
_2nlr_sh
607 _aЧикаго, город (США)
_xМузыкальные интерпретации
_jНоты
_2nlr_sh
686 0 _aЩ954.2-085(7США)
686 0 _aЩ954.2-095-085(7США)
700 1 _6z01790
_aФишер
_bФ.
_f1872-1942
_gФред
_4230
_7ca
702 1 _6z02790
_aАлданов
_bА.
_fкон. 19 - нач. 20 в.
_4030
_7ca
790 1 _6z01700
_aFischer
_bF.
_f1872-1942
_gFred
_4230
_7ba
790 1 _6z02702
_aAldanoff
_bA.
_fкон. 19 - нач. 20 в.
_4030
_7ba
801 0 _aRU
_bNLR
_c20240212
_gPSBO
801 1 _aRU
_bNLR
_c20240212
_2rusmarc
801 2 _aRU
_bNLR
_c20240212
852 _aNLR
_jМ К-4/6595
_m274275
_t1
942 _cSCORE
980 _aONIZ
980 _aNB